Enrique VIII
Guardat en:
| Autor principal: | |
|---|---|
| Format: | Llibre |
| Idioma: | espanyol |
| Publicat: |
Barcelona
Ariel
2003
|
| Edició: | 1a. ed |
| Col·lecció: | Biografías
|
| Matèries: | |
| Etiquetes: |
Afegir etiqueta
Sense etiquetes, Sigues el primer a etiquetar aquest registre!
|
MARC
| LEADER | 00000nam a2200000 a 4500 | ||
|---|---|---|---|
| 001 | UCK4370 | ||
| 003 | CL-VaPUC | ||
| 008 | 050603e20030000SP |||||||||||||||||spa|d | ||
| 020 | |a 8434466643 | ||
| 082 | 0 | 4 | |a 923.1 |b WEI |2 21 |
| 100 | 0 | |a Weir, Alison |e author |9 492858 | |
| 245 | 1 | 0 | |a Enrique VIII |
| 250 | |a 1a. ed | ||
| 300 | |a 710 p | ||
| 942 | |c BK | ||
| 945 | |d 20050603 00:00:00 |a cmena | ||
| 260 | |a Barcelona |b Ariel |c 2003 | ||
| 600 | 0 | 7 | |a ENRIQUE VIII |2 CL-VaPUC |9 319326 |
| 650 | 0 | |a Historia de Inglaterra |9 376029 | |
| 650 | 0 | |a Monarquía |9 255259 | |
| 650 | 0 | |a Costumbres y tradiciones |9 268292 | |
| 650 | 0 | |a Biografías |9 255210 | |
| 583 | |a last modification |c 20050603 00:00:00 |k Rodrigo Vera | ||
| 490 | 0 | |a Biografías | |
| 999 | |c 313248 |d 313246 | ||
| 952 | |0 0 |1 0 |4 0 |6 923_100000000000000_WEI_2003 |7 0 |8 A |9 384473 |a BIBHIS |b BIBHIS |d 2019-11-22 |i 413530K |o 923.1 WEI 2003 |p 413530K |r 2025-01-20 |w 2019-11-22 |y BK |k HIS | ||